00635nam a22001697a 450000500170000001000130001702000250003003500120005503700160006708200150008310000300009824501090012824600640023726000470030127000950034830000220044320220513163013.0 aUR-11562 c300.00a978938724830 aU-10117 bDBAD/PUBa- a921.82Ist aرضو ا نہ بيگم  aفکر تو نسو ی کی تصا نيف -ا يک جا يز ہ cرضو ا نہ بيگم hا ر د و  bFikr Tounsvi Ki Tasaaneef Ek Jayeza(Urdu)aby Rizwana Begum aHyderabad bTanveer Publishers c2021 ء  aAsst. Professor wa Sadar Shoeba Urdu Govt. City College,bHyderabade500023k8341654006l- a160 صc22 Cm(Hb)